| 000 | 00787nam a22002177a 4500 | ||
|---|---|---|---|
| 999 |
_c168456 _d168456 |
||
| 005 | 20191009165312.0 | ||
| 010 | _aENG-126630 | ||
| 020 |
_a9789353284619 _c1795.00 |
||
| 035 | _aEN-110162 | ||
| 037 | _bDBAD/PUB | ||
| 082 | _a155.284 | ||
| 100 | _aBankey Lal Dubey | ||
| 245 |
_aINKBLT personality test : _cby Bankey Lal Dubey, Padmakali Banerjee [and] Anand Dubey _bunderstanding the unconscious mind / |
||
| 260 |
_aNew Delhi _bSAGE Publications _c2019 |
||
| 270 |
_aB1/1-1, Mohan Cooperative Industrial Area _bMathura Road, Post Bag 7 _e110044 _mmarketing@sagepub.in |
||
| 300 |
_axxii,479p. _c24cm(Hb) |
||
| 500 | _aIncludes bibliographical references and index | ||
| 700 | _aBanerjee, Padmakali | ||
| 700 | _aDubey, Anand | ||
| 942 |
_2ddc _cEN _h155.284 _mDUB |
||